000
00317nam a2200133Ia 4500
005
20260328104253.0
008
260328s9999||||xx |||||||||||||| ||und||
100
_a
Wright, Frank Lloyd
245
2
_a
A Testament /
_c
Frank Lloyd Wright
260
_b
Horizon
300
_a
250 p.
650
_a
ARQUITECTOS
942
_c
BK
999
_c
10318
_d
10318